Sports Quiz

Random Sports or Numbers Quiz

Famous Sports 21's Quiz Stats

 Plays Quiz not verified by Sporcle

Support Sporcle.
Go Orange.
Score 0/11 Timer 04:00
0 Plays Today
Sport Player % Correct
FootballLaDanian Tomlinson
88.3%
BasketballTim Duncan
85.7%
FootballDeion Sanders
83.1%
Baseball*Roberto Clemente
70.1%
BasketballDominique Wilkins
70.1%
BaseballSammy Sosa
64.9%
Football*Sean Taylor
49.4%
HockeyPeter Forsberg
45.5%
HockeyMike Eruzione
29.9%
Baseball*Warren Spahn
26%
RacingTrevor Bayne
24.7%

You're not logged in!

Compare scores with friends on all Sporcle quizzes.
OR
Log In

From the Vault

Onion Producing Countries

by DiegoSanchez

We're not crying, it's just that our eyes are sweating!
Remove Ads.
Support Sporcle.
Get the best of Sporcle when you Go Orange. This ad-free experience offers more features, more stats, and more fun while also helping to support Sporcle. Thank you for becoming a member.

Show Comments

Extras

Top Quizzes Today


Score Distribution

Your Account Isn't Verified!

In order to create a playlist on Sporcle, you need to verify the email address you used during registration. Go to your Sporcle Settings to finish the process.

Report this User

Report this user for behavior that violates our Community Guidelines.

Details: